00847nam a2200217 a 450000100060000000300090000600800410001502000180005604000280007404100080010208200160011014000690012624501580019525000110035326000380036430000110040250000220041365000590043565000580049465000770055225661CO-ViMGA141112s2004 ck r 000 u spa d a9789589342442 aCO-ViMGAbspacCO-ViMGA aSPA04a028.55 C65b aCongreso Nacional de Lectura (11 : 2013 Abr. 22 - 24 : Bogotá)10aLa biblioteca escolar : brealidades y desafíos. Memorias / c11o. Congreso Nacional de Lectura y 1er. Encuentro Internacional de Bibliotecas Escolares a1a ed. aBogotá : bFundalectura, c2013 a365 p. aIncluye contenido14aBIBLIOTECAS ESCOLARES - CONGRESOS, CONFERENCIAS, ETC. 14aFORMACION DE LECTORES - CONGRESOS, CONFERENCIAS, ETC.14aPROMOCION DE LA LECTURA EN LAS ESCUELAS - CONGRESOS, CONFERENCIAS, ETC.